000 00386nam a2200145Ia 4500
008 220216s9999 xx 000 0 und d
100 _aLayer Robert W
245 0 _aProtection of rubber against ozone (1990 reviews)
260 _bRubber Chemistry and Technology
_c1990
300 _a426-450
650 _a1990 reviews
650 _aOzone
700 _aLatimer Robert P
942 _cJS
999 _c66047
_d66047